Manuál k študijnému pobytu Erasmus+

Na minha lista:
Detalhes bibliográficos
Outros Autores: Mattoš, Boris, 1977-, Kosztanko, Simona, 1988-, Darnadiová, Miroslava
Formato: Livro
Idioma:eslovaco
Publicado em: Bratislava Ekonomická univerzita v Bratislave 2018
Edição:1. vydanie
Assuntos:
Tags: Adicionar Tag
Sem tags, seja o primeiro a adicionar uma tag!

MARC

LEADER 00000nam a2200000 4500
001 0248211
005 20240502073954.2
020 |a 978-80-225-4483-2 
041 0 |a slo 
044 |a SK 
245 1 0 |a Manuál k študijnému pobytu Erasmus+  |c editori: Boris Mattoš, Simona Kosztanko, Miroslava Darnadiová a kolektív 
250 |a 1. vydanie 
264 1 |a Bratislava  |b Ekonomická univerzita v Bratislave  |c 2018 
300 |a 19 s. 
610 2 0 |a študenti 
610 2 0 |a štúdium v zahraničí 
610 2 0 |a štúdium vysokoškolské 
610 2 0 |a granty 
610 2 0 |a Erasmus+ 
700 1 |a Mattoš, Boris, 1977- 
700 1 |a Kosztanko, Simona, 1988- 
700 1 |a Darnadiová, Miroslava